Annual report 2001-02 (Record no. 799431)

MARC details
000 -LEADER
fixed length control field 00573nam a2200205Ia 4500
003 - CONTROL NUMBER IDENTIFIER
control field OSt
005 - DATE AND TIME OF LATEST TRANSACTION
control field 20220928133358.0
008 - FIXED-LENGTH DATA ELEMENTS--GENERAL INFORMATION
fixed length control field 220927b |||||||| |||| 00| 0 hin d
037 ## - SOURCE OF ACQUISITION
Terms of availability Reports / Technical Reports
040 ## - CATALOGING SOURCE
Original cataloging agency SDCL
Transcribing agency SDCL
Language of cataloging hin
041 ## - LANGUAGE CODE
Source of code hin
Language code of text/sound track or separate title hin
245 #0 - TITLE STATEMENT
Title Annual report 2001-02
260 ## - PUBLICATION, DISTRIBUTION, ETC.
Place of publication, distribution, etc. Mumbai
Name of publisher, distributor, etc. Reserve Bank of India
Date of publication, distribution, etc. 2002
942 ## - ADDED ENTRY ELEMENTS (KOHA)
Classification part X621.2rP01, P2 RR
Koha item type Reports
Source of classification or shelving scheme Colon Classification (CC)
Holdings
Withdrawn status Lost status Damaged status Not for loan Home library Current library Date acquired Total Checkouts Full call number Barcode Date last seen Price effective from Koha item type
        South Campus Library South Campus Library 2022-09-28   X621.2rP01 P2 RR SC1308616 2022-09-28 2022-09-28 Reports
Copyright @ Delhi University Library System